El destino del hombre contemporáneo

Guardat en:
Dades bibliogràfiques
Autor principal: Berdiaeff, Nicolás (Autor)
Format: Llibre
Idioma:espanyol
Publicat: Santiago Pomaire 1959
Col·lecció:Ensayos Contemporáneos
Matèries:
Etiquetes: Afegir etiqueta
Sense etiquetes, Sigues el primer a etiquetar aquest registre!

MARC

LEADER 00000cam a2200000 a 4500
001 UCZ7445
003 CL-VaPUC
008 960105e19590000cl |||||||||||||||||spa|d
082 0 4 |a 128  |b BER  |2 21 
100 |a Berdiaeff, Nicolás  |e author  |9 579056 
245 1 3 |a El destino del hombre contemporáneo 
300 |a 147 p 
942 |c BK 
945 |d 19960105 00:00:00  |a rleighto 
260 |a Santiago  |b Pomaire  |c 1959 
650 0 |a Filosofía   |9 223554 
650 0 |a Humanismo  |9 256530 
650 7 |a HOMBRE  |2 CL-VaPUC  |9 262149 
650 0 |a Guerra  |9 255876 
650 0 |a Capitalismo  |9 255255 
650 0 |a Comunismo  |9 255588 
650 0 |a Democracia  |9 255256 
650 0 |a Fascismo  |9 255687 
650 0 |a Cultura  |9 269059 
650 0 |a Cultura  |9 269059 
650 0 |a Sociedad  |9 307903 
650 0 |a Cristianismo  |9 257361 
583 |a last modification  |c 20150713 12:10:43  |k Rodrigo Vera 
490 0 |a Ensayos Contemporáneos 
999 |c 243521  |d 243519 
952 |0 0  |1 0  |4 0  |6 128_000000000000000_BER_1959  |7 0  |8 A  |9 257187  |a BIBEDU  |b BIBEDU  |d 2019-11-19  |i 3165973  |o 128 BER 1959  |p 3165973  |r 2019-11-19  |w 2019-11-19  |y BK  |k LIT 
952 |0 0  |1 0  |3 erd  |4 0  |6 128_000000000000000_BER_1959  |7 0  |8 A  |9 257188  |a BIBEDU  |b BIBEDU  |e Rehbein Pesce, Antonio, -2014  |i 5187230  |o 128 BER 1959  |p 5187230  |r 2019-11-19  |w 2019-11-19  |y BK  |z Catalogado en:20150728  |k FIL